Welcome to the Holygrace Academy Library

Please use search bar below to get started

THE MAGICAL WORLDS OF NARNIA (Record no. 7305)

MARC details
000 -LEADER
fixed length control field 00328nam a22001337a 4500
020 ## - INTERNATIONAL STANDARD BOOK NUMBER
ISBN 0-141-31994-1
082 ## - DEWEY DECIMAL CLASSIFICATION NUMBER
Classification number 823
Item number COL/M
100 ## - MAIN ENTRY--AUTHOR NAME
Personal name COLBERT, DAVID
245 ## - TITLE STATEMENT
Title THE MAGICAL WORLDS OF NARNIA
Remainder of title A TREASURY OF MYTHS AND LEGENDS
260 ## - PUBLICATION, DISTRIBUTION, ETC. (IMPRINT)
Place of publication LONDON
Name of publisher PENGUIN
300 ## - PHYSICAL DESCRIPTION
Number of Pages 205
650 ## - SUBJECT ADDED ENTRY--TOPICAL TERM
Topical Term ENGLISH STORY
Geographic subdivision LONDON
942 ## - ADDED ENTRY ELEMENTS (KOHA)
Koha item type Books
Holdings
Withdrawn status Lost status Collection code Home library Current library Shelving location Date acquired Source of acquisition Full call number Accession Number Koha item type
    Fiction Main Library Main Library SHELF-14C- ALPHABETICAL -C--ENGLISH NOVELS & FICTIONS 10/10/2006 PURCHASE 823 COL/M 01579 Books